| 000 | 01239cam a2200229 4500 | ||
|---|---|---|---|
| 001 | WB4014-19 | ||
| 008 | 040406n2004 000 0 eng u | ||
| 035 | _a(Sirsi) u125754 | ||
| 245 | _aVoluntary scrapie flocks scheme | ||
| 260 | _c2004 | ||
| 490 |
_aScottish Executive News Release _v 5 April 2004 (3) |
||
| 520 | _aThe 'Voluntary scrapie flocks scheme' is announced by DEFRA, the Scottish Executive and the Welsh Assembly which allows sheep farmers to take action to prevent scrapie reoccurring in affected flocks. All of the sheep in the flock will be genotyped free of charge on joining the programme and the more susceptible ones will be culled and replaced with more resistant stock over a period of up to four years. For the Scottish Executive New release: http://www.scotland.gov.uk/pages/news/2004/04/SEEN 836a.aspx For the Welsh Assembly release: http://www.wales.gov.uk/servlet/PressReleaseByDate Servlet?area_code=37E752F2000942E000000A2E00000000 &document_code=N0000000000000000000000000019634 | ||
| 590 | _aWB | ||
| 590 | _aWB | ||
| 650 | _aSHEEP FARMERS | ||
| 650 | _aSCRAPIE | ||
| 650 | _aCOMPENSATION | ||
| 650 | _aSCOTLAND | ||
| 650 | _aWALES | ||
| 690 | _aRURAL-AGRICULTURE AND FORESTRY | ||
| 942 | _n0 | ||
| 999 |
_c117170 _d117170 |
||